[Event "FIDE Open World Blitz 2021"]
[Site "Warsaw"]
[Date "2021.12.29"]
[Round "3.9"]
[White "Baum, Jonasz"]
[Black "Harsha, Bharathakoti"]
[Result "0-1"]
[WhiteElo "2157"]
[BlackElo "2576"]
[Annotator "ChessBase"]
[PlyCount "90"]
[EventDate "2021.12.29"]
[EventType "swiss"]
[EventCountry "POL"]
[Tiebreak "Cut1 Buchholz"]
[SourceTitle "playchess.com"]
[Source "ChessBase"]
[SourceQuality "1"]

1. d4 Nf6 2. c4 c5 3. d5 g6 4. Nc3 Bg7 5. e4 d6 6. f3 e6 7. Nge2 exd5 8. cxd5
a6 9. a4 Nbd7 10. Ng3 h5 11. Bd3 h4 12. Nge2 Ne5 13. O-O O-O 14. Kh1 Nh7 15. f4
Nxd3 16. Qxd3 f5 17. e5 dxe5 18. fxe5 Bxe5 19. Bf4 Bg7 20. Qc4 g5 21. Be3 h3
22. Bxc5 hxg2+ 23. Kxg2 Rf7 24. d6 Bd7 25. Nd5 Bc6 26. Kg1 Bxd5 27. Qxd5 Qd7
28. Nd4 f4 29. Rae1 Qg4+ 30. Kh1 Nf6 31. Qe6 Qxe6 32. Nxe6 Nd7 33. Ba3 Rf5 34.
Nc7 Rd8 35. Re7 Bf6 36. Kg2 g4 37. Ne6 Bxe7 38. dxe7 Re8 39. Nxf4 Kf7 40. Kg3
Nf6 41. Re1 b5 42. axb5 axb5 43. Nd3 Rf3+ 44. Kh4 Rh8+ 45. Kg5 Rh5# 0-1

[Event "FIDE Open World Blitz 2021"]
[Site "Warsaw"]
[Date "2021.12.29"]
[Round "3.10"]
[White "Ivic, Velimir"]
[Black "Yunusov, Mukhammad"]
[Result "0-1"]
[WhiteElo "2575"]
[BlackElo "1874"]
[Annotator "ChessBase"]
[PlyCount "78"]
[EventDate "2021.12.29"]
[EventType "swiss"]
[EventCountry "POL"]
[Tiebreak "Cut1 Buchholz"]
[SourceTitle "playchess.com"]
[Source "ChessBase"]
[SourceQuality "1"]

1. e4 c5 2. Nf3 d6 3. d4 cxd4 4. Nxd4 Nf6 5. Nc3 Nc6 6. Bg5 Bd7 7. Nxc6 Bxc6 8.
Bxf6 gxf6 9. Bb5 e6 10. O-O Be7 11. Qd3 Rc8 12. Bxc6+ bxc6 13. Rad1 d5 14. Kh1
Qb6 15. b3 Rd8 16. Qe2 h5 17. Na4 Qb5 18. Qe3 Qa5 19. Rd3 h4 20. h3 e5 21. Rfd1
d4 22. Qf3 c5 23. Nb2 Qxa2 24. Nc4 Qxc2 25. Ra1 Rd7 26. Rdd1 Qc3 27. Qf5 Qb4
28. f4 Qxb3 29. Rdc1 d3 30. Rab1 Qa4 31. Rb8+ Bd8 32. Qxf6 Qxc4 33. Qxh8+ Ke7
34. Rxc4 d2 35. Qxe5+ Kf8 36. Rb1 d1=Q+ 37. Rxd1 Rxd1+ 38. Kh2 Rd2 39. Rxc5 Bb6
0-1

[Event "FIDE Open World Blitz 2021"]
[Site "Warsaw"]
[Date "2021.12.29"]
[Round "3.10"]
[White "Holm, Kristian Stuvik"]
[Black "Svane, Rasmus"]
[Result "0-1"]
[WhiteElo "2471"]
[BlackElo "2628"]
[Annotator "ChessBase"]
[PlyCount "102"]
[EventDate "2021.12.29"]
[EventType "swiss"]
[EventCountry "POL"]
[Tiebreak "Cut1 Buchholz"]
[SourceTitle "playchess.com"]
[Source "ChessBase"]
[SourceQuality "1"]

1. Nf3 d5 2. d4 Nf6 3. c4 e6 4. Nc3 a6 5. cxd5 exd5 6. Bg5 Be6 7. Bxf6 Qxf6 8.
Qb3 Ra7 9. a3 Qd8 10. h4 Be7 11. e4 dxe4 12. d5 Bf5 13. Nd4 Bg4 14. Nxe4 c5 15.
Nf3 O-O 16. O-O-O b5 17. d6 Bf6 18. Nxc5 Nd7 19. Ne4 Ne5 20. Be2 Bf5 21. Qd5
Re8 22. Rhe1 Bxe4 23. Qxe4 Nc4 24. Qxe8+ Qxe8 25. Bxc4 Qc8 26. d7 Rxd7 27. Rxd7
Qxd7 28. Bb3 g6 29. Kb1 Kg7 30. Ka2 Qg4 31. Ng5 Bxg5 32. hxg5 Qxg5 33. g3 Qf6
34. f4 h5 35. Re5 h4 36. gxh4 Qxf4 37. Re7 Qxh4 38. Rxf7+ Kh6 39. Ra7 Qf6 40.
a4 bxa4 41. Bxa4 g5 42. Bb3 g4 43. Rf7 Qe5 44. Ra7 Qa5+ 45. Kb1 g3 46. Bc2 Qe1+
47. Ka2 Qe6+ 48. Kb1 Kg5 49. Rg7+ Kf4 50. Rg6 Qxg6 51. Bxg6 g2 0-1

[Event "FIDE Open World Blitz 2021"]
[Site "Warsaw"]
[Date "2021.12.29"]
[Round "3.11"]
[White "Muradli, Mahammad"]
[Black "Thybo, Jesper Sondergaard"]
[Result "1/2-1/2"]
[WhiteElo "2571"]
[BlackElo "2195"]
[Annotator "ChessBase"]
[PlyCount "134"]
[EventDate "2021.12.29"]
[EventType "swiss"]
[EventCountry "POL"]
[Tiebreak "Cut1 Buchholz"]
[SourceTitle "playchess.com"]
[Source "ChessBase"]
[SourceQuality "1"]

1. c4 c5 2. Nc3 Nc6 3. g3 g6 4. Bg2 Bg7 5. Nf3 e5 6. d3 Nge7 7. O-O O-O 8. Ne1
d6 9. Nc2 Be6 10. Ne3 a6 11. Rb1 Rb8 12. a4 Qd7 13. Re1 Bh3 14. Bh1 f5 15. Ned5
f4 16. b4 cxb4 17. Nxb4 Nd4 18. Nbd5 Kh8 19. Bb2 fxg3 20. hxg3 Qf5 21. Ne4 Nxd5
22. cxd5 b5 23. axb5 Rxb5 24. Bxd4 exd4 25. Bf3 Rxb1 26. Qxb1 Qxd5 27. Qb6 a5
28. Ra1 Qe5 29. Nxd6 Qe7 30. Ne4 Qb4 31. Qxa5 Qxa5 32. Rxa5 Bf5 33. Nd6 Be6 34.
Kg2 Bf6 35. Bd5 Rd8 36. Bxe6 Rxd6 37. Bc4 h5 38. Ra7 Rd8 39. Rf7 Bg7 40. Re7
Rd6 41. Bb5 Kh7 42. Bd7 Kh6 43. Bc8 Rc6 44. Bb7 Rd6 45. Be4 Rb6 46. e3 Rd6 47.
Kf3 Rf6+ 48. Ke2 Rb6 49. Rc7 Rb2+ 50. Kf3 Rb6 51. Bc6 Be5 52. Rc8 dxe3 53. fxe3
Rb1 54. d4 Bd6 55. Rh8+ Kg5 56. Rd8 Bc7 57. Rd7 Bb8 58. Rb7 Rxb7 59. Bxb7 Kf6
60. e4 g5 61. e5+ Bxe5 62. dxe5+ Kxe5 63. Bc8 Kf6 64. Bd7 g4+ 65. Bxg4 hxg4+
66. Kf4 Kg7 67. Kxg4 Kg6 1/2-1/2

[Event "FIDE Open World Blitz 2021"]
[Site "Warsaw"]
[Date "2021.12.29"]
[Round "3.11"]
[White "Faizrakhmanov, Ramil"]
[Black "Dreev, Aleksey"]
[Result "1/2-1/2"]
[WhiteElo "2396"]
[BlackElo "2635"]
[Annotator "ChessBase"]
[PlyCount "71"]
[EventDate "2021.12.29"]
[EventType "swiss"]
[EventCountry "POL"]
[Tiebreak "Cut1 Buchholz"]
[SourceTitle "playchess.com"]
[Source "ChessBase"]
[SourceQuality "1"]

1. d4 d5 2. c4 c6 3. Nc3 Nf6 4. e3 e6 5. Nf3 Nbd7 6. Qc2 b6 7. b3 Bb7 8. Bd3
Be7 9. Bb2 O-O 10. O-O Qc7 11. Rad1 Rad8 12. Qe2 Rfe8 13. h3 h6 14. e4 dxe4 15.
Nxe4 Nxe4 16. Bxe4 Nf6 17. Bc2 c5 18. dxc5 Bxc5 19. Ne5 Rxd1 20. Rxd1 Rd8 21.
Rxd8+ Qxd8 22. Ng4 Be7 23. Bxf6 Bxf6 24. Qd3 Bd4 25. Qh7+ Kf8 26. Ne3 Ke7 27.
Be4 Bxe3 28. fxe3 Qd1+ 29. Kh2 Qd6+ 30. Kg1 Bxe4 31. Qxe4 a5 32. Qb7+ Kf6 33.
Qf3+ Ke7 34. Qb7+ Kf6 35. Qf3+ Ke7 36. Qe4 1/2-1/2

[Event "FIDE Open World Blitz 2021"]
[Site "Warsaw"]
[Date "2021.12.29"]
[Round "3.12"]
[White "Zvjaginsev, Vadim"]
[Black "Sanal, Vahap"]
[Result "0-1"]
[WhiteElo "2609"]
[BlackElo "2590"]
[Annotator "ChessBase"]
[PlyCount "142"]
[EventDate "2021.12.29"]
[EventType "swiss"]
[EventCountry "POL"]
[Tiebreak "Cut1 Buchholz"]
[SourceTitle "playchess.com"]
[Source "ChessBase"]
[SourceQuality "1"]

1. c4 Nf6 2. Nc3 g6 3. g3 Bg7 4. Bg2 d6 5. Nf3 c6 6. O-O e5 7. d3 O-O 8. Rb1 a5
9. e4 Na6 10. a3 Nc5 11. b4 axb4 12. axb4 Ne6 13. h3 Nh5 14. Bd2 Kh8 15. b5 Nc5
16. Be3 Qe8 17. d4 exd4 18. Bxd4 Qe7 19. Re1 Be6 20. Bxg7+ Nxg7 21. Qd4 Kg8 22.
Red1 Rfd8 23. Kh2 Ne8 24. Rb2 Nf6 25. bxc6 bxc6 26. Rb6 Qc7 27. Rdb1 Nfd7 28.
R6b2 Qa5 29. Ne2 Qc7 30. Nf4 Ne5 31. Nxe6 Nxe6 32. Qb6 Qd7 33. Qb7 Nxc4 34.
Qxd7 Rxd7 35. Rb8+ Rxb8 36. Rxb8+ Kg7 37. h4 Ra7 38. Bh3 Nc5 39. Rb4 Ne5 40.
Nxe5 dxe5 41. Bf1 Ra2 42. Kg2 Rc2 43. Kf3 Rc3+ 44. Ke2 Rc1 45. Bh3 Rc2+ 46. Ke3
Rc3+ 47. Ke2 Nb3 48. Rb7 Nd4+ 49. Kf1 h5 50. Bd7 Kf8 51. Rb8+ Ke7 52. Rb7 Kf8
53. Rb8+ Kg7 54. Rb7 Rc1+ 55. Kg2 Kf8 56. Rb8+ Ke7 57. Rb7 Kd8 58. Bh3 Ke8 59.
Bd7+ Kf8 60. Rb8+ Ke7 61. Rb7 c5 62. Bc6+ Kd6 63. Bd5 c4 64. Bxf7 c3 65. Bxg6
c2 66. Rb2 Rb1 67. Rxc2 Nxc2 68. Bxh5 Rb4 69. Bg6 Ke6 70. g4 Ne1+ 71. Kf1 Nf3
0-1

[Event "FIDE Open World Blitz 2021"]
[Site "Warsaw"]
[Date "2021.12.29"]
[Round "3.12"]
[White "Yuffa, Daniil"]
[Black "Artemiev, Vladislav"]
[Result "1-0"]
[WhiteElo "2567"]
[BlackElo "2699"]
[Annotator "ChessBase"]
[PlyCount "91"]
[EventDate "2021.12.29"]
[EventType "swiss"]
[EventCountry "POL"]
[Tiebreak "Cut1 Buchholz"]
[SourceTitle "playchess.com"]
[Source "ChessBase"]
[SourceQuality "1"]

1. d4 d5 2. c4 e6 3. Nf3 a6 4. Bg5 Be7 5. Bxe7 Nxe7 6. Nbd2 Nd7 7. g3 dxc4 8.
Nxc4 b5 9. Ncd2 Bb7 10. Bg2 c5 11. O-O O-O 12. Rc1 Rc8 13. dxc5 Nxc5 14. Nb3
Na4 15. Rxc8 Nxc8 16. Qc2 Qf6 17. Nfd4 Bxg2 18. Kxg2 Ncb6 19. Nc6 Nc4 20. Rd1
Qxb2 21. Qxb2 Naxb2 22. Rd7 Na4 23. Ra7 Nc3 24. Rxa6 Nxe2 25. Nbd4 Nxd4 26.
Nxd4 g5 27. Nxb5 Rd8 28. a4 Rd2 29. Kf1 Ne5 30. Nc3 g4 31. Ne4 Ra2 32. Ra5 Nf3
33. Nf6+ Kg7 34. Nxg4 f5 35. Ne5 Nd2+ 36. Ke1 Ne4 37. f4 Rxh2 38. Ra7+ Kf8 39.
a5 Ra2 40. a6 Nc5 41. Ra8+ Kg7 42. a7 Ra6 43. Nc6 Rxc6 44. Rg8+ Kxg8 45. a8=Q+
Kg7 46. Qxc6 1-0

[Event "FIDE Open World Blitz 2021"]
[Site "Warsaw"]
[Date "2021.12.29"]
[Round "3.13"]
[White "Firouzja, Alireza"]
[Black "Czarnota, Pawel"]
[Result "1/2-1/2"]
[WhiteElo "2770"]
[BlackElo "2502"]
[Annotator "ChessBase"]
[PlyCount "145"]
[EventDate "2021.12.29"]
[EventType "swiss"]
[EventCountry "POL"]
[Tiebreak "Cut1 Buchholz"]
[SourceTitle "playchess.com"]
[Source "ChessBase"]
[SourceQuality "1"]

1. b3 e5 2. Bb2 Nc6 3. c4 Nf6 4. Nf3 e4 5. Nd4 Bc5 6. Nf5 O-O 7. e3 d5 8. cxd5
Bxf5 9. dxc6 bxc6 10. Be2 Qe7 11. Qc2 Nd5 12. a3 Bd7 13. Nc3 f5 14. g3 Bd6 15.
Bc4 Be6 16. Ne2 Kh8 17. Nf4 Bg8 18. h4 Be5 19. Rc1 Rab8 20. h5 Nxf4 21. gxf4
Bxb2 22. Qxb2 Qf6 23. Qxf6 Rxf6 24. b4 Bxc4 25. Rxc4 a5 26. Ke2 axb4 27. axb4
Kg8 28. Ra1 Rh6 29. Ra7 Rxh5 30. Rxc7 Rh6 31. Re7 Rd6 32. Re5 Rf8 33. Rec5 Rff6
34. b5 cxb5 35. Rxb5 g6 36. Rc2 Rf7 37. f3 exf3+ 38. Kxf3 Kg7 39. d4 Re7 40.
Re5 Red7 41. Re8 h6 42. Rcc8 Rf7 43. Rg8+ Kf6 44. Rh8 h5 45. Ke2 Ra6 46. Kf3
Re7 47. Rc5 Rb6 48. Re5 Rd7 49. Ra8 Rc6 50. Rb5 Re6 51. Rc8 Ra7 52. Rc2 Ra3 53.
Re5 Rb6 54. Rd2 Rd6 55. Rc5 Re6 56. Re5 Rd6 57. Kg3 Rb6 58. d5 Rd6 59. Kf3 g5
60. Re8 gxf4 61. Kxf4 Ra4+ 62. Kf3 Ra5 63. e4 fxe4+ 64. Kxe4 Ra4+ 65. Ke3 Ra5
66. Ke4 Ra4+ 67. Ke3 Ra5 68. Rf2+ Kg7 69. Re7+ Kg6 70. Re6+ Rxe6+ 71. dxe6 Re5+
72. Kf4 Rxe6 73. Kg3 1/2-1/2

[Event "FIDE Open World Blitz 2021"]
[Site "Warsaw"]
[Date "2021.12.29"]
[Round "3.13"]
[White "Sychev, Klementy"]
[Black "Klimkowski, Jan"]
[Result "1-0"]
[WhiteElo "2615"]
[BlackElo "2015"]
[Annotator "ChessBase"]
[PlyCount "103"]
[EventDate "2021.12.29"]
[EventType "swiss"]
[EventCountry "POL"]
[Tiebreak "Cut1 Buchholz"]
[SourceTitle "playchess.com"]
[Source "ChessBase"]
[SourceQuality "1"]

1. d4 Nf6 2. c4 e6 3. Nc3 Bb4 4. Bf4 O-O 5. Qb3 c5 6. Bd6 Re8 7. Bxc5 Bxc5 8.
dxc5 Na6 9. Qa3 Qc7 10. Nb5 Qc6 11. Rd1 Rf8 12. b4 b6 13. Nd6 Ne4 14. Nf3 Nxd6
15. Rxd6 Qe4 16. Qd3 Qxd3 17. exd3 bxc5 18. bxc5 Nxc5 19. Kd2 Rb8 20. Kc1 Rb4
21. Be2 Ra4 22. Kb2 Bb7 23. Rb1 Bxf3 24. Bxf3 Rb4+ 25. Kc2 Rxb1 26. Kxb1 Rb8+
27. Kc2 Rb6 28. Rxb6 axb6 29. d4 Na6 30. Kb3 Kf8 31. Ka4 Nc7 32. Kb4 d6 33. c5
bxc5+ 34. dxc5 Na6+ 35. Kb5 Nxc5 36. a4 Ke7 37. a5 Kf6 38. a6 Nxa6 39. Kxa6 Ke5
40. Kb5 Kd4 41. Kc6 d5 42. Kd6 e5 43. Bxd5 f5 44. Bg8 h5 45. h4 e4 46. Bf7 Kd3
47. Bxh5 Kd2 48. Ke5 Ke1 49. f4 g6 50. Bxg6 Kf2 51. Kxf5 e3 52. Bh5 1-0

[Event "FIDE Open World Blitz 2021"]
[Site "Warsaw"]
[Date "2021.12.29"]
[Round "3.14"]
[White "Nakamura, Hikaru"]
[Black "Durarbayli, Vasif"]
[Result "1-0"]
[WhiteElo "2736"]
[BlackElo "2599"]
[Annotator "ChessBase"]
[PlyCount "63"]
[EventDate "2021.12.29"]
[EventType "swiss"]
[EventCountry "POL"]
[Tiebreak "Cut1 Buchholz"]
[SourceTitle "playchess.com"]
[Source "ChessBase"]
[SourceQuality "1"]

1. Nf3 Nf6 2. e3 b6 3. g3 Bb7 4. Bg2 e6 5. O-O Be7 6. d4 c5 7. dxc5 bxc5 8. c4
O-O 9. Qe2 d6 10. b3 Qc7 11. Bb2 Rd8 12. Nc3 a6 13. Rfd1 Nbd7 14. Qc2 Bc6 15.
e4 Qb7 16. Nd5 Bxd5 17. exd5 e5 18. Bc3 Bf8 19. Re1 Re8 20. Re2 g6 21. Rae1 Bg7
22. Nd2 a5 23. a4 Qc7 24. Nb1 Nb8 25. Qd2 Qb6 26. Na3 Qxb3 27. Nb5 Ra6 28. Nc7
Qxc4 29. Nxe8 Nxe8 30. Rb1 Nd7 31. Re4 Rb6 32. Rxb6 1-0

[Event "FIDE Open World Blitz 2021"]
[Site "Warsaw"]
[Date "2021.12.29"]
[Round "3.14"]
[White "Petrosyan, Manuel"]
[Black "Kobalia, Mikhail"]
[Result "0-1"]
[WhiteElo "2599"]
[BlackElo "2600"]
[Annotator "ChessBase"]
[PlyCount "150"]
[EventDate "2021.12.29"]
[EventType "swiss"]
[EventCountry "POL"]
[Tiebreak "Cut1 Buchholz"]
[SourceTitle "playchess.com"]
[Source "ChessBase"]
[SourceQuality "1"]

1. e4 c6 2. Nf3 d5 3. d3 g6 4. e5 Bg7 5. d4 f6 6. h3 Bf5 7. Bf4 Nd7 8. exf6
Ngxf6 9. Bd3 Bxd3 10. Qxd3 O-O 11. Nbd2 Nh5 12. Bh2 Nf4 13. Bxf4 Rxf4 14. Qe3
Rf5 15. O-O e5 16. g4 exd4 17. Nxd4 Re5 18. Qg3 Qf6 19. c3 Rae8 20. N2f3 Re4
21. Rad1 Ne5 22. Nxe5 R4xe5 23. Rd3 Re4 24. Kg2 Qe7 25. Nf3 a5 26. Rfd1 a4 27.
a3 Rf8 28. R1d2 Bh6 29. g5 Bg7 30. h4 Qd7 31. Qh3 Rg4+ 32. Kf1 Qf5 33. Nh2 Rf4
34. Qxf5 R8xf5 35. Rh3 d4 36. c4 d3 37. Rhxd3 Rxh4 38. Rd8+ Rf8 39. Rxf8+ Kxf8
40. Kg2 Rxc4 41. Nf3 Ke7 42. Kg3 b5 43. Re2+ Kd7 44. Rd2+ Kc7 45. Ne1 Be5+ 46.
Kf3 Rf4+ 47. Ke2 Re4+ 48. Kf1 Bf4 49. Rc2 Bxg5 50. Nd3 Bf6 51. Nb4 Rc4 52. Re2
Kd6 53. Kg2 h5 54. Rd2+ Rd4 55. Rc2 c5 56. Na6 Rd5 57. Re2 Kd7 58. Nb8+ Kd6 59.
Na6 Re5 60. Rd2+ Kc6 61. Nb8+ Kc7 62. Nd7 Rg5+ 63. Kf1 Bd4 64. Nf8 Kd6 65. Re2
Re5 66. Rd2 g5 67. Kg2 g4 68. Rd3 Rf5 69. Ng6 Rxf2+ 70. Kh1 Rxb2 71. Nh4 Kd5
72. Nf5 Ke4 73. Rd1 Kxf5 74. Rf1+ Rf2 75. Rc1 Rf3 0-1

[Event "FIDE Open World Blitz 2021"]
[Site "Warsaw"]
[Date "2021.12.29"]
[Round "3.15"]
[White "Volokitin, Andrei"]
[Black "Nepomniachtchi, Ian"]
[Result "1/2-1/2"]
[WhiteElo "2656"]
[BlackElo "2782"]
[Annotator "TA"]
[PlyCount "46"]
[EventDate "2021.12.29"]
[EventType "swiss"]
[EventCountry "POL"]
[Tiebreak "Cut1 Buchholz"]
[SourceTitle "playchess.com"]
[Source "ChessBase"]
[SourceQuality "1"]

1. e4 e5 2. Nf3 Nf6 3. d4 Nxe4 4. Bd3 d5 5. Nxe5 Nd7 6. Nc3 Nxe5 7. dxe5 Nxc3
8. bxc3 Bc5 9. O-O O-O 10. Qh5 g6 11. Qh6 Re8 12. Bg5 Bf8 13. Bxd8 Bxh6 14.
Bxc7 Bf5 15. Bxf5 gxf5 16. Rfd1 Rac8 17. Bd6 Rxc3 18. Rxd5 Rxc2 19. a4 Rd8 20.
g3 Bf8 21. Rb1 b6 22. a5 Rc6 23. axb6 axb6 1/2-1/2

[Event "FIDE Open World Blitz 2021"]
[Site "Warsaw"]
[Date "2021.12.29"]
[Round "3.15"]
[White "Kolosowski, Mateusz"]
[Black "Michalik, Peter"]
[Result "0-1"]
[WhiteElo "2444"]
[BlackElo "2605"]
[Annotator "ChessBase"]
[PlyCount "94"]
[EventDate "2021.12.29"]
[EventType "swiss"]
[EventCountry "POL"]
[Tiebreak "Cut1 Buchholz"]
[SourceTitle "playchess.com"]
[Source "ChessBase"]
[SourceQuality "1"]

1. d4 Nf6 2. Nf3 d5 3. e3 e6 4. c4 b6 5. b3 Bd6 6. Bd3 O-O 7. O-O Bb7 8. Bb2
Nbd7 9. Nc3 a6 10. Rc1 h6 11. Qe2 dxc4 12. Bxc4 b5 13. Bd3 c5 14. Rfd1 Qe7 15.
Bb1 Rac8 16. h3 Rfd8 17. Rd2 cxd4 18. Nxd4 Ne5 19. f4 Nc6 20. Rcd1 Nxd4 21.
Rxd4 e5 22. R4d2 b4 23. Na4 exf4 24. Nb6 Rb8 25. Nc4 Bc5 26. Bd4 fxe3 27. Bxe3
Re8 28. Re1 Bxe3+ 29. Qxe3 Qc7 30. Qf2 Rxe1+ 31. Qxe1 Re8 32. Re2 Qc5+ 33. Kh2
Rxe2 34. Qxe2 Qd5 35. Bd3 a5 36. Nd2 Qd6+ 37. Kg1 Qd4+ 38. Kh2 Qf4+ 39. Kg1 g6
40. Bc4 Bd5 41. Bd3 Qd4+ 42. Kh2 Kg7 43. Nf1 Qf4+ 44. Kg1 Ne4 45. Ne3 Nc3 46.
Qd2 Qd4 47. Kh2 Be4 0-1

[Event "FIDE Open World Blitz 2021"]
[Site "Warsaw"]
[Date "2021.12.29"]
[Round "3.16"]
[White "Vachier-Lagrave, Maxime"]
[Black "Cheparinov, Ivan"]
[Result "1-0"]
[WhiteElo "2766"]
[BlackElo "2594"]
[Annotator "ChessBase"]
[PlyCount "71"]
[EventDate "2021.12.29"]
[EventType "swiss"]
[EventCountry "POL"]
[Tiebreak "Cut1 Buchholz"]
[SourceTitle "playchess.com"]
[Source "ChessBase"]
[SourceQuality "1"]

1. e4 e5 2. Nf3 Nc6 3. Bb5 a6 4. Ba4 Nf6 5. O-O Be7 6. d3 b5 7. Bb3 d6 8. a3
O-O 9. Nc3 Be6 10. Nd5 Nd4 11. Nxd4 exd4 12. a4 Nxd5 13. exd5 Bf5 14. Qf3 Qd7
15. Bd2 Bf6 16. h3 Rfe8 17. Rfe1 Rxe1+ 18. Bxe1 Re8 19. axb5 axb5 20. Bd2 Bg6
21. Ra7 h5 22. Ba5 Rc8 23. Kf1 h4 24. Ke1 Kh7 25. Kd1 Qe8 26. Qg4 Ra8 27. Rxa8
Qxa8 28. Bxc7 Qa1+ 29. Ke2 Qxb2 30. Bxd6 Qc1 31. Bf4 Qg1 32. d6 b4 33. d7 Qa1
34. Bg5 Qa5 35. Qxh4+ Kg8 36. Bxf6 1-0

[Event "FIDE Open World Blitz 2021"]
[Site "Warsaw"]
[Date "2021.12.29"]
[Round "3.16"]
[White "Nasuta, Grzegorz"]
[Black "Gabuzyan, Hovhannes"]
[Result "0-1"]
[WhiteElo "2377"]
[BlackElo "2580"]
[Annotator "ChessBase"]
[PlyCount "74"]
[EventDate "2021.12.29"]
[EventType "swiss"]
[EventCountry "POL"]
[Tiebreak "Cut1 Buchholz"]
[SourceTitle "playchess.com"]
[Source "ChessBase"]
[SourceQuality "1"]

1. e4 c5 2. Nf3 d6 3. d4 cxd4 4. Nxd4 Nf6 5. Nc3 a6 6. Be3 e5 7. Nb3 Be6 8. h3
Be7 9. Qf3 Nbd7 10. O-O-O Rc8 11. Nd5 Bxd5 12. exd5 Nb6 13. g4 Qc7 14. c3 e4
15. Qg2 Nbxd5 16. Bd4 Nf4 17. Qg3 Ne6 18. g5 Nh5 19. Qg4 Nxd4 20. Nxd4 g6 21.
Qxe4 O-O 22. h4 d5 23. Qf3 b5 24. Bh3 Rb8 25. Qxd5 b4 26. c4 Rfd8 27. Qc6 Qf4+
28. Kb1 Rxd4 29. Bg2 b3 30. axb3 Rxb3 31. Qe8+ Bf8 32. Bd5 Rxd5 33. Rxd5 Qxf2
34. Qe5 Re3 35. Qd4 Nf4 36. Rd7 Ne6 37. Qd2 Re2 0-1

[Event "FIDE Open World Blitz 2021"]
[Site "Warsaw"]
[Date "2021.12.29"]
[Round "3.17"]
[White "Gagunashvili, Merab"]
[Black "Bellahcene, Bilel"]
[Result "1-0"]
[WhiteElo "2575"]
[BlackElo "2528"]
[Annotator "ChessBase"]
[PlyCount "69"]
[EventDate "2021.12.29"]
[EventType "swiss"]
[EventCountry "POL"]
[Tiebreak "Cut1 Buchholz"]
[SourceTitle "playchess.com"]
[Source "ChessBase"]
[SourceQuality "1"]

1. d4 e6 2. Nf3 Nf6 3. c4 Bb4+ 4. Nbd2 b6 5. g3 Bb7 6. Bg2 O-O 7. O-O d5 8.
cxd5 exd5 9. Ne5 c6 10. Ndf3 Ne4 11. Qc2 Bd6 12. Bf4 h6 13. Nd3 Re8 14. Bxd6
Qxd6 15. Nfe5 c5 16. dxc5 bxc5 17. Nf3 Nd7 18. Rac1 Rac8 19. Rfd1 Ndf6 20. Nd2
d4 21. Nc4 Qb8 22. Qb3 Qa8 23. Bf3 Bd5 24. Nf4 Rb8 25. Qa3 Ng5 26. Nxd5 Nxf3+
27. Qxf3 Qxd5 28. Qxd5 Nxd5 29. e3 Nb4 30. exd4 cxd4 31. a3 Nc6 32. Nd6 Ne5 33.
Nxe8 Rxe8 34. Kf1 Nf3 35. Kg2 1-0

[Event "FIDE Open World Blitz 2021"]
[Site "Warsaw"]
[Date "2021.12.29"]
[Round "3.17"]
[White "Klekowski, Maciej"]
[Black "Giri, Anish"]
[Result "0-1"]
[WhiteElo "2499"]
[BlackElo "2774"]
[Annotator "TA"]
[PlyCount "120"]
[EventDate "2021.12.29"]
[EventType "swiss"]
[EventCountry "POL"]
[Tiebreak "Cut1 Buchholz"]
[SourceTitle "playchess.com"]
[Source "ChessBase"]
[SourceQuality "1"]

1. c4 Nf6 2. Nf3 e6 3. b3 d5 4. Bb2 c5 5. e3 Nc6 6. cxd5 exd5 7. Bb5 Bd6 8. O-O
O-O 9. d4 cxd4 10. Nxd4 Qb6 11. Be2 Be5 12. Na3 Re8 13. Nac2 Bf5 14. Bd3 Bg6
15. Bxg6 hxg6 16. Rc1 Ne4 17. Qd3 Rad8 18. Nxc6 bxc6 19. Bxe5 Rxe5 20. Nd4 c5
21. Nf3 Ree8 22. Nd2 Nf6 23. Rfd1 a5 24. Nf1 d4 25. exd4 cxd4 26. Qc4 Ne4 27.
Ng3 Nc3 28. Rd2 Rc8 29. Qf1 Red8 30. Re1 Qb4 31. Qd3 a4 32. bxa4 Nxa4 33. h4
Nc5 34. Qe2 d3 35. Qd1 Qxh4 36. Qf3 Qb4 37. Red1 Rd4 38. Qe3 Rcd8 39. Re1 R4d6
40. Red1 Qc4 41. Rb2 Re6 42. Qf3 Qd4 43. Rbd2 Re5 44. Qc6 Rg5 45. Nf1 Ne4 46.
Rb2 Qxb2 47. Qxe4 d2 48. Qe7 Rgd5 49. Ne3 R5d7 50. Qe4 Qxa2 51. Qf4 Qe6 52. g3
Rd4 53. Qf3 Qb3 54. Qe2 Rd3 55. Qf3 Rc8 56. Kg2 Rc1 57. Qa8+ Kh7 58. Qe4 Rxd1
59. Nxd1 Qxd1 60. Qxd3 Qe1 0-1

[Event "FIDE Open World Blitz 2021"]
[Site "Warsaw"]
[Date "2021.12.29"]
[Round "3.18"]
[White "Erigaisi Arjun"]
[Black "Tang, Andrew"]
[Result "1-0"]
[WhiteElo "2627"]
[BlackElo "2588"]
[Annotator "ChessBase"]
[PlyCount "64"]
[EventDate "2021.12.29"]
[EventType "swiss"]
[EventCountry "POL"]
[Tiebreak "Cut1 Buchholz"]
[SourceTitle "playchess.com"]
[Source "ChessBase"]
[SourceQuality "1"]

1. d4 d5 2. c4 e6 3. Nc3 Be7 4. cxd5 exd5 5. Bf4 c6 6. e3 Bf5 7. g4 Be6 8. h3
Nd7 9. Bd3 h5 10. gxh5 Ngf6 11. h6 g6 12. Qc2 Nh5 13. Nge2 Nxf4 14. Nxf4 Nf8
15. O-O-O Rxh6 16. Kb1 Qa5 17. e4 Rh4 18. exd5 Rxf4 19. dxe6 Nxe6 20. d5 cxd5
21. Bxg6 d4 22. Rhe1 Kf8 23. Ne2 Rf6 24. Be4 Rd8 25. f3 b6 26. Rg1 Bc5 27. Qd3
a6 28. a3 Qa4 29. Rc1 Be7 30. Bh7 Ke8 31. Rc4 Qb5 32. Qc2 Bxa3 1-0

[Event "FIDE Open World Blitz 2021"]
[Site "Warsaw"]
[Date "2021.12.29"]
[Round "3.18"]
[White "Mitrabha, Guha"]
[Black "Halkias, Stelios"]
[Result "1-0"]
[WhiteElo "2370"]
[BlackElo "2575"]
[Annotator "ChessBase"]
[PlyCount "105"]
[EventDate "2021.12.29"]
[EventType "swiss"]
[EventCountry "POL"]
[Tiebreak "Cut1 Buchholz"]
[SourceTitle "playchess.com"]
[Source "ChessBase"]
[SourceQuality "1"]

1. d4 Nf6 2. c4 e6 3. g3 c5 4. Nf3 cxd4 5. Nxd4 d5 6. Bg2 e5 7. Nf3 d4 8. O-O
Nc6 9. e3 Be7 10. exd4 exd4 11. b4 Nxb4 12. Nxd4 O-O 13. Bb2 Na6 14. Nc3 Bg4
15. Qd2 Nc5 16. Nd5 Re8 17. h3 Bd7 18. Rfe1 Nxd5 19. cxd5 Bd6 20. Rxe8+ Qxe8
21. Re1 Qd8 22. h4 Rc8 23. h5 h6 24. Kh2 Qg5 25. Qxg5 hxg5 26. Bf1 a6 27. Bc1
g4 28. h6 Bf8 29. hxg7 Bxg7 30. Be3 Na4 31. Bd3 Rd8 32. Bg5 Re8 33. Rxe8+ Bxe8
34. Nf5 Bd7 35. Nxg7 Kxg7 36. Be3 f5 37. Bd4+ Kf7 38. Bc4 b5 39. Bb3 Kg6 40.
Kg2 a5 41. Kf1 b4 42. Ke2 f4 43. gxf4 Kf5 44. Ke3 Nc3 45. Bxc3 bxc3 46. Bc2+
Kf6 47. Kd4 Ke7 48. Kxc3 Kd6 49. Kd4 Bc8 50. f5 Bd7 51. f6 a4 52. a3 Bc8 53.
Bxa4 1-0

[Event "FIDE Open World Blitz 2021"]
[Site "Warsaw"]
[Date "2021.12.29"]
[Round "3.19"]
[White "Mamedyarov, Shakhriyar"]
[Black "Vastrukhin, Oleg"]
[Result "1-0"]
[WhiteElo "2765"]
[BlackElo "2588"]
[Annotator "ChessBase"]
[PlyCount "93"]
[EventDate "2021.12.29"]
[EventType "swiss"]
[EventCountry "POL"]
[Tiebreak "Cut1 Buchholz"]
[SourceTitle "playchess.com"]
[Source "ChessBase"]
[SourceQuality "1"]

1. d4 g6 2. g3 Bg7 3. Bg2 d5 4. Nf3 Nf6 5. O-O O-O 6. c3 Nbd7 7. c4 dxc4 8. Na3
Nb6 9. Ne5 Ng4 10. f4 Nxe5 11. fxe5 c6 12. e4 Be6 13. Be3 Qd7 14. Qc2 f6 15.
exf6 Bxf6 16. Rad1 Rad8 17. Nb1 Bh3 18. Nc3 Bxg2 19. Kxg2 Bg7 20. Rxf8+ Rxf8
21. Qe2 Qe6 22. a4 h5 23. Bg5 Nc8 24. d5 cxd5 25. Nxd5 Qe5 26. Qxc4 e6 27. Nf4
Nb6 28. Qxe6+ Qxe6 29. Nxe6 Re8 30. Nxg7 Kxg7 31. a5 Nc4 32. Rd7+ Kg8 33. b4
Rxe4 34. Rxb7 Nd6 35. Rxa7 Rxb4 36. a6 Ra4 37. Be3 Nf5 38. Bc5 Ra5 39. Bb6 Ra2+
40. Kf3 Nd6 41. Ra8+ Kf7 42. a7 Nb5 43. h4 Kg7 44. Rb8 Nxa7 45. Rb7+ Kf6 46.
Bxa7 Kf5 47. Be3 1-0